| 000 | 00965nam a2200277Ia 4500 | ||
|---|---|---|---|
| 003 | OSt | ||
| 005 | 20220930094427.0 | ||
| 006 | a|||||r|||| 00| 0 | ||
| 007 | ta | ||
| 008 | 220926b |||||||| |||| 00| 0 eng d | ||
| 024 | _a71892 | ||
| 037 | _cTheses | ||
| 040 |
_aCRL _cCRL _beng |
||
| 041 |
_2eng _aeng |
||
| 100 |
_aSharma Deeksha Au. _9555538 |
||
| 110 |
_aUniversity of Delhi. Faculty of Technology. Department of Sciences & Humanities _9555539 |
||
| 245 | 0 | _aSynthesis and characterization of anti devR-compounds and their aaplication in mycobacterium tuberculosis | |
| 260 | _c2020 | ||
| 300 |
_a204p. _ap. _ccm. |
||
| 650 | _aScience | ||
| 700 |
_a Gupta Rajesh Kumar Gu. _9555540 |
||
| 700 |
_a Sarkar Anjana Gu. _9546970 |
||
| 700 |
_aUniversity of Delhi. Faculty of Technology. Department of Sciences & Humanities _9555541 |
||
| 942 |
_cDIS _2CC |
||
| 999 |
_c887114 _d887114 |
||